00658 a2200169 4500003000500000005001700005040000900022082001000031100002900041245008000070260003500150300001600185505022700201538003100428650001600459651001300475Nust20170207171114.0 cNust a005.1 aSaeeda, Hina (MSCS-19)  aAgile Adoptability and Scalability for Large Scale Projects cHiina Saeeda  aRawalpindibMCS (NUST) c2015  aviii, 100 p aIntroduction (Page-1), Literature Review (Page-5), Materials and Mehtods (Page-27), Selection of Proposed Approach (Page-48), Evaluation and Results of Proposed Framework (Page-70), Conclusion and Furture Work (Page-78),  aAlmirah No. 70 Shelf No.6  aPG Project  aMSCS-19